000 00938cam a22002651 4500
001 l 47000007
003 DLC
005 20260227111540.0
008 810317s1946 dcua f000 0 eng c
010 _al 47000007
035 _a(OCoLC)7233298
040 _aU.S. Dept. of Labor. Library
_cViBlbV
_dViBlbV
_dDLC
042 _apremarc
050 0 0 _aHD6093
_b.A35 no. 209
082 _a331.4
100 1 _aWeissbrodt, Sylvia Rosenberg.
245 1 0 _aWomen workers in ten war production areas and their postwar employment plans.
260 _aWashington,
_bU.S. Govt. Print. Off.,
_c1946.
300 _avii, 56 p.
_bincl. tables.
_c23 cm.
490 0 _aU.S. Women's Bureau. Bulletin
_vno. 209
500 _aAt head of title: United States Dept. of Labor... Women's Bureau...
500 _a"By Sylvia R. Weissbrodt."--Letter of transmittal.
650 0 _aWomen
_xEmployment
_zUnited States.
650 0 _aWorld War, 1939-1945
_xWomen.
999 _c36559
_d36559